Statistics for Country of the Day #11-Finland

Click here to take the quiz!

General Stats

  • This quiz has been taken 27 times
  • The average score is 8 of 8

Answer Stats

QuestionAnswer% Correct
Flag
100%
ContinentEurope
100%
LanguageFinnish
100%
CapitalHelsinki
100%
Largest CityHelsinki
96%
Shape
89%
ReligionChristianity
89%
LandmarkUspenski Cathedral
81%

Score Distribution

Percentile by Number Answered

Percent of People with Each Score

Your Score History

You have not taken this quiz